000 00982nam a2200277 i 4500
003 EG-GICUC
005 20260225075235.0
008 260225s1952 -usab||fr|||| 001 0 eng d
040 _aEG-GiCUC
_beng
_cEG-GiCUC
_dEG-GiCUC
_erda
041 0 _aeng
082 0 4 _221
_a341.71073
_bMA
092 0 4 _221
099 _aLaw1 11 341.71073 MA 1952
245 0 0 _aMajor Problems Of United States Foreign Policy 1952-1953 /
_cPrepared By The Staff Of The International Studies Group Of The Brookings Institution.
264 1 _aWisconsin :
_bThe Brookings Institution,
_c1952.
300 _a412 pages :
_b illustrations,
_c24 cm
336 _2rda content
_atext
337 _2rda media
_aComputer
338 _2rda carrier
_aOnline Resource
504 _aIncludes bibliographical references and index.
546 _aText in English
650 1 4 _a Public international law
856 4 0 _uhttps://fll.law.cu.edu.eg/fulltext/bks/B11-08342.pdf
905 _a48
942 _2ddc
_cBK
_e21
_n0
999 _c64145
_d64145